000 00873nas a2200277 4500
001 BR0303098
003 BR-BrBNA
005 20231205103936.0
007 ta
008 230509b bl.|||p| |||| 00| 00por d
040 _aBR-BrBNA
_bpor
_cBiblioteca Nacional de Agricultura
041 _a(Pt)
072 _aH10
100 1 _aThomazini, M.J.
100 1 _aThomazini, A.P. de B.W.
100 1 _aPacheco, E.P.
245 1 _aOcorrência da mosca-do-sorgo Stenodiplosis sorghicola (Coquillett)(Diptera: Cecidomyiidae)em genótipos de sorgo em Rio Branco, AC, Brasil
650 _aSORGO GRANÍFERO
650 _aGENÓTIPO
650 _aMOSCA
650 _aPRAGA DE PLANTA
650 _aACRE
773 0 _tCiência Rural (Brazil)
_xISSN 0103-8478
_g(May-Jun 2003), v. 33(3) p. 583-585
_wBR0303098
909 _a202311
_bLúcia
_c55
_dLúcia Elande
942 _2AGRIS
_n0
_cANA
999 _c175560
_d175560